Normal view
MARC view
- Rao, K.N.Raja
Entry Personal Name
001 - CONTROL NUMBER
- control field: 80848
003 - CONTROL NUMBER IDENTIFIER
- control field: NUST
005 - DATE AND TIME OF LATEST TRANSACTION
- control field: 20210628210741.0
008 - FIXED-LENGTH DATA ELEMENTS
- fixed length control field: 210628|| aca||aabn | a|a d
040 ## - CATALOGING SOURCE
- Original cataloging agency: NUST
- Transcribing agency: NUST
100 ## - HEADING--PERSONAL NAME
- Personal name: Rao, K.N.Raja
670 ## - SOURCE DATA FOUND
- Source citation: Work cat.: (NUST): Rao, K.N.Raja, Fundamentals of satellite communication, 2004
